000 00571nam a2200205Ia 4500
005 20250923150056.0
008 008 250917s9999 xx 000 0 eng d
037 _aTextual
040 _aDSWL
_beng
_cDSWL
041 _aeng
_2eng
084 _aY11:7:7, POO
_qDSWL
100 _aValsiner, Jaan
_9841937
245 0 _aCulture and human development
_c by JaanValsiner
260 _aLondon
_bSage Publicatons
_c2000
300 _a319p.
365 _aINR
_b1418.45
925 _g1418.45
942 _cTEXL
_hY11:7:7, POO
999 _c1459270
_d1459270